Metodología y práctica del desarrollo de la comunidad /

Gespeichert in:
Bibliographische Detailangaben
1. Verfasser: Ander-Egg, Ezequiel (autor)
Weitere Verfasser: Ospina Restrepo, Gabriel (prólogo) (prólogo)
Format: Buch
Sprache:Spanisch
Veröffentlicht: Buenos Aires, Argentina : Humanitas, 1980, c1980
Ausgabe:9a edición
Schriftenreihe:(Desarrollo Social ; 1)
Schlagworte:
Tags: Tag hinzufügen
Keine Tags, Fügen Sie das erste Tag hinzu!

MARC

LEADER 00000nam^a2200000^a^4500
001 000401743
005 20250521000000.0
009 20260310121654.82
037 |a Acervo ITESO - Biblioteca 
041 |a ESP 
082 |a 361. 8  |b AND 
100 |a Ander-Egg, Ezequiel  |e (autor) 
240 1 1 |a [Metodología y práctica del desarrollo de la comunidad] 
245 1 0 |a Metodología y práctica del desarrollo de la comunidad /  |c E. Ander-Egg ; pról. de G. Ospina Restrepo. 
250 |a 9a edición 
264 4 |a Buenos Aires, Argentina :  |b Humanitas,  |c 1980, c1980 
300 |a 190 p. 
336 |a texto  |b txt  |2 rdacontenido 
337 |a sin mediación  |b n  |2 rdamedio 
338 |a volumen  |b nc  |2 rdasoporte 
440 1 |a (Desarrollo Social ;  |v 1) 
561 |a Ex libris manuscrito de Zoila Gabriela Fillingstron 
649 |a XX 
650 |a Centros Comunitarios 
650 |a Cooperativas 
650 |a Comunidad 
650 |a Vivienda 
650 |a Crédito Agrícola 
650 |a Desarrollo Comunitario -  |x Metodología -  |x Tema Principal 
650 |a Desarrollo Comunitario -  |x Planeación 
650 |a Desarrollo Comunitario -  |x Evaluación 
650 |a Desarrollo Económico-Social 
650 |a Problemas Sociales 
650 |a Educación de Adultos 
650 |a Animación Sociocultural 
650 |a Programas Sociales 
650 |a Programas Gubernamentales 
650 |a Participación Social 
650 |a Asistencia Social 
650 |a Trabajo Social 
650 |a Sociología 
700 |a Ospina Restrepo, Gabriel  |e (prólogo) 
910 |a Fondo Carlos Núñez Hurtado 
920 |a Impresos - Libros 
930 |a Fondos Especiales 
905 |a 117 
901 |a 0500297291  |b IT2  |c ESP  |i d81484  |u 20250521 
902 |a https://opac.biblio.iteso.mx/vufind/Record/000401743